000 00477nam a22001697a 4500
005 20251108173547.0
008 250721s2007 xx 000 0 ara d
082 1 4 _a153.69/عبي
100 1 _aعبيد، هبة
245 1 0 _aلغة العيون /
264 1 _aعمان :
_bدار اليازوري العلمية للنشر و التوزيع،
_c2007.
300 _a240 ص.0
650 1 7 _aالعين
650 1 7 _aالإيمان
942 _2ddc
_cBK
999 _c106816
_d106816